|
|
|
|
| LEADER |
00000nam a2200000Ia 4500 |
| 008 |
180426b1999 cr ||||| |||| 00| | spa d |
| 999 |
|
|
|c 1826
|d 1826
|
| 090 |
|
|
|a 06.03.06
|b 708
|
| 100 |
1 |
|
|a Vega Miranda, Alexander
|9 240
|
| 245 |
1 |
3 |
|a La excelencia académica en las carreras universitarias. Caso : carrera de administración de negocios. Universidad de Costa Rica
|
| 260 |
|
|
|a San José, Costa Rica :
|b IIMEC,
|c 1999
|
| 300 |
|
|
|a 64 páginas
|
| 500 |
|
|
|a Informe Final de Investigación Proyecto 724-98-316
|
| 502 |
|
|
|a Tesis (doctorado en ciencias de la educación con énfasis en administración educativa)--Universidad Latina de Costa Rica, 1999
|
| 520 |
|
|
|a El objetivo de esta investigación fue determinar, a partir de un enfoque cualitativo, cómo conceptualizan, estudiantes y docentes, la excelencia académica en las carreras universitarias, concretamente en la Escuela de Administración de Negocios (EAN)
|
| 610 |
2 |
4 |
|a UNIVERSIDAD DE COSTA RICA
|9 714
|
| 650 |
1 |
4 |
|a EDUCACIÓN SUPERIOR
|9 8
|
| 942 |
|
|
|i 001134 ,001135 ,001253
|h 06.03.06 708
|2 z
|c 04
|